| 000 | 00367pam a2200157a 44500 | ||
|---|---|---|---|
| 008 | 230515b2011 xxu||||| |||| 00| 0 eng d | ||
| 020 | _aNULL | ||
| 041 | _aENG | ||
| 082 | _a610.7365 | ||
| 100 | _aTAPTI BHATTACHARJEE | ||
| 245 | _aGERIATRIC NURSING NURSING CARE OF THE ELDERLY | ||
| 250 | _a0 | ||
| 260 |
_aNULL _bC B S _c2011 |
||
| 300 | _a92 | ||
| 650 | _aN.D. | ||
| 999 |
_c531561 _d531561 |
||